Menová politika v Slovenskej republike implicitné inflačné cielenie a výber optimálneho režimu výmenného kurzu

Pokračovanie z č. 9/2004. Implicitné inflačné cielenie a výber optimálneho režimu výmenného kurzu. Nedostatky existujúcich modelov inflačného cielenia. Model implicitného inflačného cielenia. Implicitné inflačné cielenie a fixný výmenný kurz. Pokračovanie v č. 11/2004.

Gespeichert in:
Bibliographische Detailangaben
1. Verfasser: Nell, Mathias
Format: Buchkapitel
Sprache:Slowakisch
Schlagworte:
Tags: Tag hinzufügen
Keine Tags, Fügen Sie das erste Tag hinzu!

MARC

LEADER 00000naa$a2200000$$$4500
001 0023037
005 20221128110417.8
041 0 |a slo 
044 |a SK 
245 1 0 |a Menová politika v Slovenskej republike  |b implicitné inflačné cielenie a výber optimálneho režimu výmenného kurzu  |c Mathias Nell 
520 |a Pokračovanie z č. 9/2004. Implicitné inflačné cielenie a výber optimálneho režimu výmenného kurzu. Nedostatky existujúcich modelov inflačného cielenia. Model implicitného inflačného cielenia. Implicitné inflačné cielenie a fixný výmenný kurz. Pokračovanie v č. 11/2004. 
610 2 0 |a politika menová 
610 2 0 |a kurz výmenný pohyblivý 
610 2 0 |a kurz výmenný pevný 
610 2 0 |a kurz výmenný 
610 2 0 |a cielenie inflácie 
610 2 0 |a sadzby úrokové 
610 2 0 |a Slovensko 
610 2 0 |a NBS Bratislava 
100 1 |a Nell, Mathias